| 000 | 00772nam a2200217Ia 4500 | ||
|---|---|---|---|
| 003 | GCL | ||
| 008 | 140319s9999 xx 000 0 ara d | ||
| 020 | _a7797215977 | ||
| 040 |
_aGCL / _cGCL |
||
| 082 | 0 | 4 |
_a796.3303 _bم ل |
| 100 | 1 | _aمحمد محمد داود | |
| 245 | 1 | 0 |
_aاللغة وكرة القدم : دراسة دلالية ومعجم / _cمحمد محمد داود |
| 250 | _aالاولى | ||
| 260 |
_aالقاهرة : _bدار غريب للطباعة والنشر والتوزيع ، _c2005 |
||
| 300 |
_a672 ص ؛ _c24 سم |
||
| 490 |
_aدراسة فى العربية المعاصرة _v0 |
||
| 650 | 0 | 4 | _aكرة القدم |
| 650 | 0 | 4 | _aاللغة العربية - العامية |
| 650 | 0 | 4 | _aكرة القدم - معاجم |
| 942 |
_2ddc _cBK |
||
| 999 |
_c58337 _d58337 |
||